Tuan Hj. Mohd. Rejab bin Mahmood (Record no. 163497)

MARC details
000 -LEADER
fixed length control field 00571njm a2200181 i 4500
001 - CONTROL NUMBER
control field C2-0267970
003 - CONTROL NUMBER IDENTIFIER
control field PPAK
005 - DATE AND TIME OF LATEST TRANSACTION
control field 20180729152304.0
008 - FIXED-LENGTH DATA ELEMENTS--GENERAL INFORMATION
fixed length control field 060808s2005 my |||| ||||| | may d
040 ## - CATALOGING SOURCE
Original cataloging agency PPAK
Language of cataloging eng
Transcribing agency PPAK
Description conventions rda
245 00 - TITLE STATEMENT
Title Tuan Hj. Mohd. Rejab bin Mahmood
264 #1 - PRODUCTION, PUBLICATION, DISTRIBUTION, MANUFACTURE, AND COPYRIGHT NOTICE
Place of production, publication, distribution, manufacture Alor Setar, Kedah :
Name of producer, publisher, distributor, manufacturer Perbadanan Perpustakaan Awam Kedah ,
Date of production, publication, distribution, manufacture, or copyright notice 2005
336 ## - CONTENT TYPE
Source rdacontent
Content type term text
337 ## - MEDIA TYPE
Source rdamedia
Media type term unmediated
338 ## - CARRIER TYPE
Source rdacarrier
Carrier type term volume
500 ## - GENERAL NOTE
General note Tiada transkripsi ; Dirakam pada 8/8/2005 ; Rakaman Majlis Pesara Dalam Kenangan
942 ## - ADDED ENTRY ELEMENTS (KOHA)
-- dc
Koha item type Book
Holdings
Withdrawn status Lost status Source of classification or shelving scheme Damaged status Not for loan Current library Shelving location Date acquired Full call number Barcode Date last seen Koha item type
    Dewey Decimal Classification   Not For Loan Perpustakaan Alor Setar Koleksi Kedah 06/11/2005 PK 586/05 ; PK 587/05 A00157945 05/07/2018 Cassette
    Dewey Decimal Classification   Not For Loan Perpustakaan Alor Setar Koleksi Kedah 06/11/2005 PK 586/05 ; PK 587/05 A00157946 05/07/2018 Cassette